Statistiken für Atomkraftwerke (weltweit in Betrieb)

Klicken Sie hier um das Quiz zu spielen!

Allgemein

  • Dieses Quiz wurde 111 mal gespielt
  • Das Durchschnittsergebnis liegt bei 20 aus 32

Antwortstatistiken

AnzahlLand% Korrekt
56Frankreich
98%
37Russland
97%
92USA
97%
55China
93%
33Japan
92%
7Spanien
90%
19Kanada
89%
15Ukraine
88%
2Brasilien
83%
22Indien
78%
2Mexiko
78%
9Vereinigtes Königreich
74%
6Schweden
73%
3Argentinien
68%
25Südkorea
68%
5Finnland
66%
1Niederlande
66%
1Iran
64%
6Belgien
63%
6Tschechien
63%
1Belarus
58%
4Schweiz
53%
6Pakistan
49%
4Ungarn
46%
2Rumänien
45%
4Slowakei
43%
2Bulgarien
42%
2Südafrika
41%
1Slowenien
39%
3Taiwan
27%
3Vereinigte Arabische Emirate
8%
1Armenien
5%

Verteilung der Resultate

Perzentil nach korrekt beantworteten Fragen

Anzahl Personen mit jedem Resultat

Ihre Resultats-Entwicklung

Sie haben dieses Quiz noch nicht gespielt